Mechanical behavior of engineering materials (Record no. 22120)

000 -LEADER
fixed length control field 00506nam a22001931 4500
001 - CONTROL NUMBER
control field 22120
003 - CONTROL NUMBER IDENTIFIER
control field BD-DhUET
008 - FIXED-LENGTH DATA ELEMENTS--GENERAL INFORMATION
fixed length control field 800331s1962 paua b s000 0 eng
040 ## - CATALOGING SOURCE
Original cataloging agency DLC
Transcribing agency TxCM
Modifying agency BD-DhUET
082 ## - DEWEY DECIMAL CLASSIFICATION NUMBER
Classification number 620.1
Item number MAR/1963
100 ## - MAIN ENTRY--PERSONAL NAME
Personal name Marin, Joseph
245 10 - TITLE STATEMENT
Title Mechanical behavior of engineering materials
250 ## - EDITION STATEMENT
Edition statement 1st ed.
260 ## - PUBLICATION, DISTRIBUTION, ETC. (IMPRINT)
Place of publication, distribution, etc. New Jersey
Name of publisher, distributor, etc. Prentice-Hall
Date of publication, distribution, etc. 1963
300 ## - PHYSICAL DESCRIPTION
Extent x, 502 p.
Other physical details ill.
504 ## - BIBLIOGRAPHY, ETC. NOTE
Bibliography, etc Includes bibliographies
650 #0 - SUBJECT ADDED ENTRY--TOPICAL TERM
Topical term or geographic name as entry element Applied mechanics
942 ## - ADDED ENTRY ELEMENTS (KOHA)
Koha item type General Book
Holdings
Koha issues (times borrowed) Not for loan Lost status Shelving location Koha date last borrowed Withdrawn status Sublocation or collection (holding branch) Location (home branch) Source of classification or shelving scheme Date acquired Koha item type Damaged status Koha out on loan Copy number Koha normalized classification for sorting Price effective from Koha date last seen Piece designation (barcode) Koha full call number
   Circulation section  Central Library, BUETCentral Library, BUET 2015-04-23General Book  1620_100000000000000_MAR_19632015-04-232015-04-2321007620.1/MAR/1963
1  Circulation section2022-07-03 Central Library, BUETCentral Library, BUET 2015-04-23General Book 2023-07-032620_100000000000000_MAR_19632015-04-232022-07-031571620.1/MAR/1963
   Circulation section  Central Library, BUETCentral Library, BUET 2015-04-25General Book  3620_100000000000000_MAR_19632015-04-252015-04-251570620.1/MAR/1963
   Circulation section  Central Library, BUETCentral Library, BUET 2015-04-30General Book  4620_100000000000000_MAR_19632015-04-302015-04-3025732620.1/MAR/1963
   Circulation section  Central Library, BUETCentral Library, BUET 2015-08-23General Book  5620_100000000000000_MAR_19632015-08-232015-08-2317659620.1/MAR/1963